00710nab a22001457i 4500003000900000005001700009008004000026035001700066040002400083041000800107100012000115245018800235260001000423773013100433KOSZ 00520170424134753.0160308s2012 pl ||||| ||||0|| ||pol  aPBN-R:314475 cKOSZ 005/mdaPBN-ID0 apol aBORZYSZKOWSKI, Jacek.d1999 - .bPolitechnika Koszalińska - Instytut Ekonomii i Zarządzania,cZakład Turystyki10aAnaliza oferty specjalnych pakietów pobytowych i ich wykorzystania w obiekcie hotelarskim na przykładzie Royal Park Hotel & SPA w Mielnie /cJacek Borzyszkowski, Sebastian Dudziak. c2012.08iW :tZeszyty Naukowe. Ekonomiczne Problemy Usług. -dSzczecin : Wydaw. Naukowe Uniwersytetu Szczecińskiego, 2012x1896-382X